Normal view
MARC view
Entry Personal Name
001 - CONTROL NUMBER
- control field: 164166
003 - CONTROL NUMBER IDENTIFIER
- control field: OSt
005 - DATE AND TIME OF LATEST TRANSACTION
- control field: 20220923220414.0
008 - FIXED-LENGTH DATA ELEMENTS
- fixed length control field: 220923|| aca||aabn | a|a d
040 ## - CATALOGING SOURCE
- Original cataloging agency: OSt
- Transcribing agency: OSt
100 ## - HEADING--PERSONAL NAME
- Personal name: चटर्जी, राम कृष्ण; पाण्डेय, कुलदेव राज, अनु
670 ## - SOURCE DATA FOUND
- Source citation: Work cat.: (OSt)339631: चटर्जी, राम कृष्ण; पाण्डेय, कुलदेव राज, अनु., जन संचार, 1976
